Predtým stavbár, teraz starosta na súčasných jakubianskych stavbách

Bibliographic Details
Main Author: (ar) (Author)
Format: Article
Language:Slovak
Subjects:

MARC

LEADER 00000nab a2200000 a 4500
001 vtls001024104
003 SK-MaSNL
005 20260303042049.0
008 040720e19960801xo 0 slo
035 |a SL2673 
040 |a SLLK  |b slo  |c SLLK  |e AACR2 
041 0 |a slo 
044 |a xo  |c SK 
080 |a 352.07.31  |2 1981 
100 0 |a (ar)  |4 aut  |9 838472 
245 1 0 |a Predtým stavbár, teraz starosta  |b na súčasných jakubianskych stavbách 
590 |a Dufala, Ján ?- 
600 1 7 |a Dufala, Ján ?-  |2 SLLK  |9 1027836 
650 0 7 |a činnosť stavebná  |2 SLLK  |9 883041 
650 0 7 |a informácie  |2 SLLK  |9 1285 
651 7 |a Jakubany (Slovensko)  |2 SLLK  |9 51334 
655 7 |a periodikum  |2 snkbucl  |9 29553 
773 0 8 |t Ľubovnianske noviny  |g Roč. 22, č.31, 1.8.1996, s. 1 
852 |a ZVYKNI  |b KIS3GCP 
999 |c 1690331  |d 1692261